Movies Quiz

Random Movies or Animation Quiz

Dreamworks Animated Movie Characters Quiz Stats

 Plays Quiz Updated Jul 24, 2016

Challenge
Share
Tweet
Score 0/20 Timer 04:00
3 Plays Today
Image Character % Correct
Princess Fiona (Shrek)
93.1%
Master Po Ping (Kung Fu Panda)
74.3%
Megamind (Megamind)
69.1%
Humpty Alexander Dumpty (Puss in Boots)
65.5%
Gromit (Wallace & Gromit: The Curse of the Were-Rabbit)
65.3%
Alex the Lion (Madagascar)
64%
Toothless (How to Train Your Dragon)
59.7%
Jack Frost (Rise of the Guardians)
55.3%
Mr. Peabody (Mr. Peabody & Sherman)
54.8%
Moses (The Prince of Egypt)
45.8%
Image Character % Correct
Spirit (Spirit: Stallion of the Cimarron)
40.9%
Skipper (Penguins of Madagascar, Madagascar)
30.1%
Oscar (Shark Tale)
27.9%
Barry B. Benson (Bee Movie)
25.6%
Susan 'Ginormica' Murphy (Monsters vs. Aliens)
21.8%
Z (Antz)
18.6%
Ginger (Chicken Run)
17.6%
Gratuity 'Tip' Tucci (Home)
16.3%
Eep Crood (The Croods)
15.7%
Rita (Flushed Away)
12.5%

You're not logged in!

Compare scores with friends on all Sporcle quizzes.
Join for Free
OR
Log In

You Might Also Like...

Show Comments

Extras

Top Quizzes Today


Score Distribution

Your Account Isn't Verified!

In order to create a playlist on Sporcle, you need to verify the email address you used during registration. Go to your Sporcle Settings to finish the process.

Report this User

Report this user for behavior that violates our Community Guidelines.

Details: